000 00906nam a2200241Ia 4500
003 GCL
008 140319s9999 xx 000 0 ara d
020 _a3425929977
040 _aGCL /
_cGCL
082 0 4 _aق
_b338.4791062
_bم س
100 1 _aيسرى دعبس
245 1 0 _aالسياحة المصرية بين المقومات والتحديات :
_bدراسات وبحوث فى انثربولوجيا السياحة /
_cيسرى دعبس
250 _aالثانية
260 _aالقاهرة :
_bالبيطاش سنتر للتجارة والتوزيع ،
_c2003
300 _a815 ص ؛
_c24 سم
650 0 4 _aالفنادق والسياحة
650 0 4 _aالسياحة والدولة
650 0 4 _aالسياحة الدينية
650 0 4 _aالسياحة - مصر
650 0 4 _aالسياحة - اقتصاديات
650 0 4 _aالسياحة العلاجية
942 _2ddc
_cBK
999 _c42659
_d42659